Mitti Di Muth / (Record no. 524218)

000 -LEADER
fixed length control field 00426nam a22001697a 4500
003 - CONTROL NUMBER IDENTIFIER
control field NUST
038 ## - RECORD CONTENT LICENSOR
Staff Name waseem
082 ## - DEWEY DECIMAL CLASSIFICATION NUMBER
Classification number 910.549
Author Mark SIN
100 ## - MAIN ENTRY--PERSONAL NAME
Personal name Singh, Gorpal
9 (RLIN) 15031
245 ## - TITLE STATEMENT
Title Mitti Di Muth /
Statement of responsibility, etc. Gorpal Singh
260 ## - PUBLICATION, DISTRIBUTION, ETC.
Place of publication, distribution, etc. Lahore :
Name of publisher, distributor, etc. Punjabi Markaz,
Date of publication, distribution, etc. 2008.
300 ## - PHYSICAL DESCRIPTION
Extent 80 p. ;
500 ## - GENERAL NOTE
General note Hardcover.
880 ## - ALTERNATE GRAPHIC REPRESENTATION
Linkage 100-02\r
Title گرپال سنگھ
880 ## - ALTERNATE GRAPHIC REPRESENTATION
Linkage 245-02\r
Title مٹی دی مٹھ /
942 ## - ADDED ENTRY ELEMENTS (KOHA)
Source of classification or shelving scheme
Koha item type Book
Holdings
Withdrawn status Lost status Source of classification or shelving scheme Damaged status Not for loan Permanent Location Current Location Shelving location Date acquired Total Checkouts Full call number Barcode Date last seen Price effective from Koha item type
          Central Library (CL) Central Library (CL) Punjabi Literature 06/19/2019   910.549 SIN CL-E-1534 06/19/2019 06/19/2019 Book
© 2023 Central Library, National University of Sciences and Technology. All Rights Reserved.